000 00668nam a2200217 a 4500
001 13472
003 BD-JhCC
005 20231008131843.0
008 231008b2022 bg |||| ||a| 000 0 ben d
035 _a(BD-JhCC)13472
040 _aBD-JhCC
_dBD-JhCC
041 _abengali
082 _a891.4435
_bVUI 2022
100 _aভূঁইয়া, ওয়ালিউল্লাহ
245 _aআমাদের ভূতসমাজ /
_bওয়ালিউল্লাহ ভূঁইয়া।
260 _aঢাকা:
_bগোফি;
_c2022.
300 _a46 p. :
_bill;
_c16 cm.
650 _aBengali short stories.
942 _2ddc
_cBK
999 _c13472
_d13472